Industrial organization (Record no. 366286)

000 -LEADER
fixed length control field 00349cam a22001337a 4500
008 - FIXED-LENGTH DATA ELEMENTS--GENERAL INFORMATION
fixed length control field 180718b1956 xxu||||| |||| 00| 0 eng d
082 ## - DEWEY DECIMAL CLASSIFICATION NUMBER
Classification number T25x54 G346/59
100 ## - MAIN ENTRY--PERSONAL NAME
Personal name Ghosh, Bimal C.
245 ## - TITLE STATEMENT
Title Industrial organization
Statement of responsibility, etc. by Bimal C. Ghosh
250 ## - EDITION STATEMENT
Edition statement 2nd ed.
260 ## - PUBLICATION, DISTRIBUTION, ETC.
Place of publication, distribution, etc. London
Name of publisher, distributor, etc. OUP
Date of publication, distribution, etc. 1956
300 ## - PHYSICAL DESCRIPTION
Extent 306p.
650 ## - SUBJECT ADDED ENTRY--TOPICAL TERM
Topical term or geographic name entry element Industrial management
Holdings
Withdrawn status Lost status Damaged status Not for loan Permanent Location Current Location Date acquired Full call number Barcode Date last seen Price effective from Koha item type
        Indian Institute of Public Administration Indian Institute of Public Administration 1994-05-02 T25x54 G346/59 17254 2018-07-21 2018-07-21 Book
        Indian Institute of Public Administration Indian Institute of Public Administration 1994-05-02 T25x54 G346/59 366 2018-07-21 2018-07-21 Book

Powered by Koha